بحوث في الفقة الإسلامي / (رقم التسجيلة. 106001)

تفاصيل مارك
000 -الفاتح
عناصر البيانات ثابتة الطول 00668cam a2200181 i 4500
005 - تاريخ ووقت آخر معاملة
حقل ضبط 20251209095335.0
008 - عناصر البيانات ثابتة الطول
عناصر البيانات ثابتة الطول 250721r2007 jo gr 000 0 ara d
082 14 - رقم تصنيف ديوي العشري
رقم التصنيف 216.072
رقم المادة غ ر ا
100 1# - مدخل رئيسي – اسم شخصي
الاسم الشخصي الغرايبة، محمد حمد
علاقة الشخص بالعمل/ دوره مؤلف.
245 10 - بيان العنوان
العنوان بحوث في الفقة الإسلامي /
بيان المسؤولية تأليف الاستذ الدكتور محمد حمد الغرايبة.
250 ## - بيان الطبعة
بيان الطبعة الطبعة الاولى.
264 31 - بيانات النشر، التوزيع…إلخ
مكان النشر، التوزيع...إلخ عمان :
اسم الناشر، الموزع...إلخ دار الفرقان للنشر و التوزيع،
تاريخ النشر، التوزيع...إلخ 2007.
300 ## - الوصف المادي
عدد الوحدات المكونة للوعاء 504 صفحة.
650 17 - مدخل إضافي بالموضوع - مصطلح موضوعي
مصطلح موضوعي أو اسم جغرافي كعنصر مدخل الفقه الإسلامي.
650 17 - مدخل إضافي بالموضوع - مصطلح موضوعي
مصطلح موضوعي أو اسم جغرافي كعنصر مدخل الأبحاث.
942 ## - بيانات إضافية (كوها)
نوع التنصيف Dewey Decimal Classification
نوع المادة (كوها) كتب
المقتنيات
حالة السحب حالة الفقدان مصدر التصنيف حالة التلف غير قابل للإعارة المكتبة الرئيسية المكتبة الحالية موقع الرف تاريخ التزويد الرقم المتسلسل Total Checkouts رقم الإستدعاء الباركود تاريخ آخر ظهور تاريخ الفاتورة نوع المادة (كوها)
    Dewey Decimal Classification     المكتبة المركزية المكتبة المركزية الإعارة 28/07/2025 1072831   216.072 / غ ر ا 1072831 28/07/2025 28/07/2025 كتب
    Dewey Decimal Classification   Not For Loan المكتبة المركزية المكتبة المركزية مقتنيات قسم التزويد 28/07/2025 1072835   216.072/غرا 1072835 28/07/2025 28/07/2025 كتب
    Dewey Decimal Classification     المكتبة المركزية المكتبة المركزية الإعارة 29/12/2010 1420058   216.072 / غ ر ا PLD00176107 28/07/2025 29/12/2010 كتب
    Dewey Decimal Classification     مكتبة أبو علندا العامة مكتبة أبو علندا العامة الإعارة 28/07/2025 1072845   216.072/غرا 1072845 28/07/2025 28/07/2025 كتب
    Dewey Decimal Classification     مكتبة الأميرة ايمان العامة مكتبة الأميرة ايمان العامة الإعارة 28/07/2025 1072836   216.072/غرا 1072836 28/07/2025 28/07/2025 كتب
    Dewey Decimal Classification     مكتبة الاميرة بديعة مكتبة الاميرة بديعة الإعارة 28/07/2025 1072839   216.072/غرا 1072839 28/07/2025 28/07/2025 كتب
    Dewey Decimal Classification     مكتبة الجويدة مكتبة الجويدة الإعارة 28/07/2025 1072840   216.072/غرا 1072840 28/07/2025 28/07/2025 كتب
    Dewey Decimal Classification     مكتبة الحسن العامة مكتبة الحسن العامة الإعارة 28/07/2025 1072841   216.072/غرا 1072841 28/07/2025 28/07/2025 كتب
    Dewey Decimal Classification     مكتبة النصر العامة مكتبة النصر العامة الإعارة 28/07/2025 1072847   216.072/غرا 1072847 28/07/2025 28/07/2025 كتب
    Dewey Decimal Classification     مكتبة حمزة العامة مكتبة حمزة العامة الإعارة 28/07/2025 1072842   216.072/غرا 1072842 28/07/2025 28/07/2025 كتب
    Dewey Decimal Classification     مكتبة صويلح العامة مكتبة صويلح العامة الإعارة 28/07/2025 1072837   216.072/غرا 1072837 28/07/2025 28/07/2025 كتب
    Dewey Decimal Classification     مكتبة وادي السير العامة مكتبة وادي السير العامة الإعارة 28/07/2025 1072846   216.072/غرا 1072846 28/07/2025 28/07/2025 كتب
Implemented & Customized by: BBB with SCIT (Smart Chains for Information Technology)

Powered by Koha